| 000 | 00000nam##2200000za#4500 |
| 001 | 9.608680 |
| 003 | CaOODSP |
| 005 | 20220111083332 |
| 007 | ta |
| 008 | 150406|1992||||xxc||||| f|0| 0 eng|d |
| 020 | |a0-662-20247-3 |
| 022 | |a1713-0638 |
| 040 | |aCaOODSP|beng |
| 043 | |an-cn--- |
| 086 | 1 |aNE22-1/1992-18E |
| 110 | 1 |aCanada. |bNational Energy Board. |
| 245 | 10|aIn the matter of: BP Resources Canada Limited; Kamine Beaver Falls Cogen Co., Inc., as managing general partner of Kamine/Besicorp Beaver Falls L.P.; Kamine Syracuse Cogen Co., Inc., as managing general partner of Kamine/Besicorp Syracuse L.P.; Western Gas Marketing Limited: applications pursuant to Part VI of the National Energy Board Act for licences to export natural gas; and, FSC Resources Limited, Saranac Power Partners L.P., and Shell Canada Limited : |bapplication pursuant to Parts I and VI of the national Energy Board Act for the transfer of a licence to export natural gas or, alternatively, for a licence to export natural gas |
| 260 | |aCalgary - Alberta : |bNational Energy Board |cDecember, 1992. |
| 300 | |a55p. : |bgraphs, tables ; |c28 cm. |
| 490 | 1 |aReasons for decision|x1713-0638 |
| 563 | |aSoftcover |
| 690 | 07|aPetroleum industry|2gcpds |
| 775 | 08|tRelativement à: BP Ressources Canada Limited; Kamine Beaver Falls Cogen Co., Inc., à titre d'associé gérant de la Kamine/Besicorp Beaver Falls L.P.; Kamine Syracuse Cogen Co., Inc., à titre d'associé gérant de la Kamine/Besicorp Syracuse L.P.; Western Gas Marketing Limited: demandes de licences d'exportation de gaz naturel déposées conformément à la partie VI de la Loi sur l'Office national de l'énergie; et relativement à FSC Resources Limited, Saranac Power Partners, L.P. et Shell Canada Limitée : |w(CaOODSP)9.620767 |
| 776 | 0#|tReasons for decision in the matter of BP Resources Canada Limited, Kamine Beaver Falls Cogen Co., Inc., as managing general partner of Kamine/Besicorp Beaver Falls L.P., Kamine Syracuse Cogen Co., Inc., as managing general partner of Kamine/Besicorp Syracuse L.P., Western Gas Marketing Limited ... FSC Resources Limited, Saranac Power Partners L.P., and Shell Canada Limited : |w(CaOODSP)9.572343 |
| 830 | #0|aReasons for decision (Canada. National Energy Board)|x1713-0638|w(CaOODSP)9.514808 |
| 986 | |aGH-5-92 |